Sandokan (Registo nº 550)

Detalhes MARC
000 -Etiqueta do registo
Cabeçalho 00611nam0a22002651 4500
005 - Identificador da versão
Campo de controlo 20240822123612.0
010 ## - Número internacional normalizado dos livros (ISBN)
Número (ISBN) 849789930X
021 ## - Número do Depósito Legal
Código do país PT
Número B-52221-04
035 ## - Other System Control Numbers
System Control Number 0000571
System Control Number 0000568
System Control Number 0000568
System Control Number 0000558
100 ## - Dados gerais de processamento
Dados gerais de processamento 20050504d a e0pory5003 ba
101 1# - Língua de publicação
Língua do texto, banda sonora, etc. Português
Língua do documento no original Italiano
102 ## - Pais de publicação ou produção
País de publicação Portugal
105 ## - Campo de dados codificados: livros
Dados codificados dos livros y z 001yy
106 ## - Campo de dados codificados: material textual
Dados codificados do material textual r
200 1# - Titulo e menção de responsabilidade
Título próprio Sandokan
Informação de outro título Os Piratas da Malásia
Primeira menção de responsabilidade Emilio Salgari
205 ## - Menção da edição
Menção da edição 1ª edição
210 ## - Publicação, Distribuição, etc. 
Lugar da edição, distribuição, etc. Porto
Nome do editor, distribuidor, etc. Público
Data da publicação, distribuição, etc. 2004
215 ## - Descrição física 
Indicação específica da natureza do documento e extensão da espécie p. 286
Dimensões cm
225 2# - Colecção 
Título próprio da colecção Geração Público
Indicação de volume 34
942 ## - Elementos de entrada adicionados (Koha)
Tipo de item no Koha Livro
Exemplares
Situação do levantamento Origin of item (home branch) (coded) Biblioteca de empréstimo Código de barras Cota Circulation type (not for loan) Tipo de documento Nota do exemplar Damaged status
  Biblioteca Escolar Eng. Nuno Mergulhão Biblioteca Escolar Eng. Nuno Mergulhão BENM1069 8EST SAL   Livro Sem mensagem